000
00300nam a22001337a 4500
008
180316b xxu||||| |||| 00| 0 eng d
020
_a
9780073525471
041
_a
eng
080
_a
573
100
_a
11
101
_a
BIO
245
_a
Essentials of the Living World
_c
Johnson, G
942
_2
udc
_c
BK
999
_c
45244
_d
45244